Основы физики некоторых методов получения магнитных полей; Инновационные технологии и экономика в машиностроении

Библиографические подробности
Источник:Инновационные технологии и экономика в машиностроении.— 2010.— С. 240-246
Главный автор: Полицинский Е. В. Евгений Валерьевич
Язык:русский
Опубликовано: 2010
Предметы:
Формат: Статья
Запись в KOHA:https://koha.lib.tpu.ru/cgi-bin/koha/opac-detail.pl?biblionumber=189358

MARC

LEADER 00000naa2a2200000 4500
001 189358
005 20240207164632.0
035 |a (RuTPU)RU\TPU\book\205813 
090 |a 189358 
100 |a 20101223d2010 k y0rusy50 ca 
101 0 |a rus 
102 |a RU 
200 1 |a Основы физики некоторых методов получения магнитных полей  |f Е. В. Полицинский 
320 |a Библиогр.: 9 назв. 
463 0 |0 (RuTPU)RU\TPU\book\199146  |y 978-5-98298-642-9  |t Инновационные технологии и экономика в машиностроении  |o сборник трудов Международной научно-практической конференции с элементами научной школы для молодых ученых, 20-21 мая 2010 г. г. Юрга  |f Национальный исследовательский Томский политехнический университет (ТПУ), Юргинский технологический институт (ЮТИ); под ред. Д. А. Чинахова  |v С. 240-246  |d 2010  |p 577 с. 
610 1 |a магнитные поля 
610 1 |a физика 
610 1 |a методы получения 
610 1 |a труды учёных ТПУ 
700 1 |a Полицинский  |b Е. В.  |c физик  |c доцент Юргинского технологического университета (филиала) Томского политехнического университета, кандидат педагогических наук  |f 1974-  |g Евгений Валерьевич  |3 (RuTPU)RU\TPU\pers\24524  |9 10834 
801 1 |a RU  |b 63413507  |c 20101223 
801 2 |a RU  |b 63413507  |c 20131029  |g RCR 
942 |c BK